00533nam a22001697a 45000050016000000100014000160200026000300350013000560370013000690820017000821000023000992450085001222600035002072700041002423000030002835000050003132010080700140.0 aENG-98933 a9788186307199c325.00 aEN-84265 bDBAD/PUB a338.90095451 aHazarika, Profulla aEconomic development and ecological balance in Assam :bproblems and prospects / aGuwahatibDVS Publishersc2009 aH.B.Road, PanbazarbGuwahatie780001 avi,138p.c22cm (Hb)bill. aIncludes bibliographical references and index